| 000 | 01301nam a2200373 a 4500 | ||
|---|---|---|---|
| 001 | 000113337 | ||
| 003 | CHAP | ||
| 005 | 20220329144349.0 | ||
| 008 | 170608s2011 mx |r| ||||||spa d | ||
| 010 | _a109798 | ||
| 011 | _a110770 | ||
| 020 |
_a9786077150183 (Colegio de Posgraduados) _a978-607-7699-22-4 (Mundi Prensa) |
||
| 040 | _cCHAP | ||
| 082 | 1 |
_a631.44 _bA17 2011 |
|
| 100 | 1 |
_aAceves Navarro, Everardo _9530 |
|
| 245 | 1 | 3 |
_aEl ensalitramiento de los suelos bajo riego / _cpor Everardo Aceves Navarro. |
| 250 | _a2 ed. | ||
| 260 |
_aMéxico : _bColegio de Posgraduados: _bMundi Prensa: _bUACH: _bUniversidad Autónoma Agraría Antonio Narro: _bIICA: _bINIFAP, _c2011. |
||
| 300 | _a205 p. | ||
| 490 | _aBiblioteca básica de agricultura | ||
| 590 |
_aE11695DGD _b10 _c20170609 _lUCH01 _h1019 |
||
| 590 |
_aE5765TAJ _b05 _c20170608 _lUCH01 _h1151 |
||
| 590 |
_aE5765TAJ _b05 _c20170608 _lUCH01 _h1228 |
||
| 590 |
_aE5765TAJ _b05 _c20170608 _lUCH01 _h1233 |
||
| 650 | 1 | 4 |
_aAgua para irrigación _92430 |
| 650 | 1 | 4 |
_aPlantas _xEfecto de la sal. _988817 |
| 650 | 1 | 4 |
_aSales _xEfecto en suelos. _9101562 |
| 650 | 1 | 4 |
_aSuelos salinos. _9110558 |
| 650 | 1 | 4 |
_aSuelos _xClasificación. _9110239 |
| 830 | 0 |
_aBiblioteca básica de agricultura _912245 |
|
| 901 | _aBK | ||
| 942 | _cLIBRO | ||
| 942 | _n0 | ||
| 999 |
_c109798 _d109798 |
||